Business research methods / (Record no. 71654)

MARC details
000 -LEADER
fixed length control field 00959nam a22002657a 4500
005 - DATE AND TIME OF LATEST TRANSACTION
control field 2012112605585.0
008 - FIXED-LENGTH DATA ELEMENTS--GENERAL INFORMATION
fixed length control field 121126t xxu||||| |||| 00| 0 eng d
010 ## - LCCN (DPL NO)
LC control number ENG-106223
020 ## - INTERNATIONAL STANDARD BOOK NUMBER
International Standard Book Number 9781259005039
Terms of availability 299.00
020 ## - INTERNATIONAL STANDARD BOOK NUMBER
International Standard Book Number 1259005038
Terms of availability 299.00
035 ## - SYSTEM CONTROL NUMBER
System control number EN-89756
037 ## - SOURCE OF ACQUISITION
Source of stock number/acquisition DBAD/PUB
040 ## - CATALOGING SOURCE
Original cataloging agency Dpl
Language of cataloging Eng
082 ## - DEWEY DECIMAL CLASSIFICATION NUMBER
Classification number 658.0072
100 1# - MAIN ENTRY--PERSONAL NAME
Personal name Gupta, S.L.
9 (RLIN) 53829
245 10 - TITLE STATEMENT
Title Business research methods /
Statement of responsibility, etc by S.L. Gupta [and] Hitesh Gupta
260 ## - PUBLICATION, DISTRIBUTION, ETC. (IMPRINT)
Place of publication, distribution, etc New Delhi
Name of publisher, distributor, etc Tata McGraw-Hill
Date of publication, distribution, etc 2012
270 ## - ADDRESS
Address 7 West Patel Nagar
City New Delhi
Postal code 110008
300 ## - PHYSICAL DESCRIPTION
Extent xix,440p.
Dimensions 24cm(pbk)
500 ## - GENERAL NOTE
General note Includes index.
700 ## - ADDED ENTRY--PERSONAL NAME
Personal name Gupta, Hitesh
9 (RLIN) 53955
942 ## - ADDED ENTRY ELEMENTS (KOHA)
Source of classification or shelving scheme Dewey Decimal Classification
Item type English Books
Classification part 658.0072
Call number suffix GUP
Holdings
Withdrawn status Lost status Source of classification or shelving scheme Damaged status Not for loan Collection code Home library Current library Date acquired Source of acquisition Cost, normal purchase price Total Checkouts Full call number Barcode Date last seen Copy number Cost, replacement price Koha item type
    Dewey Decimal Classification   Not For Loan Non-fiction D.B.Act.Division D.B.Act.Division 26/11/2012 DBAD/PUB 299.00   658.0072 GUP EN-89756 26/11/2012 1 299.00 English Books

© Delhi Public Library
Hit Counter
free hit counter